000 00816nam a2200253 i 4500
001 34888
003 ES-MaACL
005 20251003063051.0
007 t|
008 030211s1979 sp |||| | spa d
100 1 _aBoix, Vicente,
_d1813-1880
_929900
245 1 0 _aHistoria de la ciudad y reino de Valencia /
_cpor Vicente Boix.
260 _aValencia :
_bAlbatros,
_c1979.
300 _a3 v. ;
_c24 cm.
490 1 _aBiblioteca valentina ;
_v3-5
534 _pReprod. facs. de la ed. de:
_cValencia: Benito Monfort, 1845.
651 4 _aComunidad Valenciana-
_xHistoria.
_9153487
651 4 _aValencia-
_xHistoria.
_9153488
655 7 _2tgfbne
_9226495
_aFacsĂ­miles
830 0 _aBiblioteca valentina ;
_v3-5
_9226664
852 _aES-MaACL
_jL-391-93
942 _2udc
999 _c34888
_d34888